| 000 | 01317nam a2200277Ia 4500 | ||
|---|---|---|---|
| 999 |
_c5843 _d5843 |
||
| 003 | OSt | ||
| 005 | 20200527153717.0 | ||
| 008 | 191128t2012 sp fr 000 0dspa d | ||
| 020 | _a9788423412693 | ||
| 040 |
_aCO-JMCR _cCO-JMCR |
||
| 041 | 0 | _aspa | |
| 082 | 0 | 4 |
_a330 / _bS283e _223 |
| 100 | 1 |
_aSevilla, Jordi, _eautor _94757 |
|
| 245 | 1 | 3 |
_aLa economia en dos tardes : _bun manual para todos, incluidos presidentes y el gobierno / _cJordi Sevilla |
| 250 | _aPrimera edición | ||
| 260 |
_aBarcelona : _bCentro de Libros PAPF : Planeta, _c©2012 |
||
| 300 |
_a220 páginas ; _c23 cm. |
||
| 500 | _aIncluye biografía del autor en solapa frontal. | ||
| 505 | 0 | _aEstán clavadas dos tardes. Que no te la den con queso en economía -- La visión económica de la sociedad. Flujo circular de la renta -- La riqueza de las naciones -- En que se emplea la riqueza -- Dinero, precios o inflación -- Intermediarios finacieros | |
| 520 | _a¿Qué papel tienen los gobiernos en la economía moderna? ¿Por qué la competencia privada provoca crisis recurrentes? ¿Por qué unos países crecen más que otros? | ||
| 650 | 1 | 4 |
_aPolítica económica _zEspaña _94758 |
| 650 | 1 | 4 |
_aCondiciones económicas _zEspaña _94759 |
| 650 | 1 | 4 |
_aPolítica monetaria _92242 |
| 650 | 1 | 4 |
_aCrisis económica _94760 |
| 942 |
_2ddc _cBK |
||